[Event "Leutersdorf Sparkasse op 15th"]
[Site "Leutersdorf"]
[Date "2011.02.19"]
[Round "2"]
[White "Kamenz, Guido"]
[Black "Meier, Tim"]
[Result "0-1"]
[WhiteElo "1220"]
[BlackElo "1960"]
[PlyCount "54"]
[EventDate "2011.02.18"]
[EventType "swiss"]
[EventRounds "7"]
[EventCountry "GER"]
[SourceTitle "CBM 141 Extra"]
[Source "ChessBase"]
[SourceDate "2011.05.03"]
[SourceVersion "1"]
[SourceVersionDate "2011.05.03"]
[SourceQuality "1"]

1. e4 e5 2. Nf3 Nc6 3. Bc4 Bc5 4. c3 Nf6 5. d4 exd4 6. cxd4 Bb4+ 7. Nc3 Nxe4 8. 0-0 Bxc3 9. bxc3 d5 10. Bd3 0-0 11. Bd2 Bg4 12. Be2 Qd7 13. Re1 Rfe8 14. Qc2 Nxd2 15. Qxd2 h6 16. h3 Bf5 17. Qb2 Qd6 18. Qd2 Be4 19. Nh2 Re7 20. Bf3 Rae8 21. Re3 Na5 22. Be2 Nc4 23. Bxc4 dxc4 24. Nf1 Bd3 25. Ng3 Rxe3 26. fxe3 Qxg3 27. Re1 f5 0-1